000 01189cam a22003737a 4500
003 CHAP
005 20220817041035.0
008 971013s1990 r 00010 d
010 _a5149
011 _a6121
035 _a5339
040 _cCHAP
082 _a634.98
_bF39Y
110 2 _aFAO
245 1 0 _aExplotación en pequeña escala de productos forestales madereros y no madereros con participación de la población rural
260 _aRoma :
_bFAO,
_c1990
300 _a80 p.
_b: ilus.
490 0 _aFAO. Montes
_v; 87
590 _aBATCH-UPD
_b10
_c20130110
_lUCH01
_h0847
590 _aBATCH-UPD
_b10
_c20130410
_lUCH01
_h0520
590 _aBATCH-UPD
_b10
_c20130914
_lUCH01
_h0706
590 _aCONVERSION
_b10
_c20130109
_lUCH01
_h1304
650 1 4 _aBosques
_xExtracción.
_914174
650 1 4 _aBosques
_xTrabajadores.
_914400
650 1 4 _aBosques
_xUtilización.
_914405
650 1 4 _aLeña.
_966051
650 1 4 _aManglares.
_970393
650 1 4 _aProductos forestales
_xTransporte.
_992109
700 0 _aCruz, Virgilio de la.
_929657
830 0 _aFAO. Montes
_v; 87
_939632
901 _aBK
942 _cLIBRO
949 _a634.98 F39Y
_bBC
_cFAO
_d-14912
_eFAO1
_h80442
_i5339
_si
999 _c5149
_d5149